00555 2200205 4500001002100000005001500021035002000036007000300056008004100059020002200100082001000122084001600132100001900148245005600167250001100223260003100234300003100265650003800296700001500334INLIS00000000000199620260204073236 a0010-0226000006ta260204 g 0 ind  a978-602-9328-70-7 a612.3 a612.3 DEW b0 aDewi Cakrawati1 aBahan Pangan, Gizi, dan Kesehatan /cDewi Cakrawati aCet. 2 aBandung :bALFABETA,c2014 ax + 234 hlm. ;c16 x 24 cm aBahan Pangan, Gizi, dan Kesehatan0 aMustika NH